000 01148nam0a2200313 4500
001 RU\NLR\BIBL_A\022729950
005 20260311160528.0
010 _a978-5-00202-878-8
_91000
021 _aRU
_bКН-П-25-079273
_9КН-П-25-7686
035 _a(NLR Aleph) 022729950
090 _a13633065
_c13633065
100 _a20260217d2025 u y0rusy50 ca
101 0 _arus
102 _aRU
105 _aa z 000gy
181 0 _ai
_baxxe
181 0 _ab2
_bbb2e
182 0 _an
200 1 _aМяушкины сказки
_eстихи с чудесными картинками для чтения детям
_fСветлана Никитина
203 _aТекст
_aИзображение
_bвизуальные
_cнепосредственные
210 _aБарнаул
_cНовый формат
_d2025
215 _a30 с.
_cцв. ил.
_d25
686 0 _aШ9(2)60=Р7-5
700 1 _aНикитина
_bС. Б.
_cдет. писатель
_gСветлана Борисовна
_3RU\NLR\AUTH\770290744
942 _cBOOK
980 _aNB